000
00237nam a2200109Ia 4500
999
_c
6560
_d
6560
020
_a
978-8126531196
100
_a
David A. Decenzo
245
0
_a
Human Resource Management
260
_a
USA
_b
John Wiley
_c
2002
300
_a
460
942
_c
BK